コンテンツを見る
処理一覧
ログアウト
ログイン
言語
English
Deutsch
Español
Français
Italiano
日本語
Nederlands
Português
Português (Brasil)
中文(简体)
中文(繁體)
Türkçe
עברית
Gaeilge
Cymraeg
Ελληνικά
Català
Euskara
Русский
Čeština
Suomi
Svenska
polski
Dansk
slovenščina
اللغة العربية
বাংলা
Galego
Tiếng Việt
Hrvatski
हिंदी
全フィールド
タイトル
著者
主題
請求記号
ISBN/ISSN
タグ
検索
詳細検索
検索
Statistics on Japanese spinnin...
MARC表示
この資料を引用
この資料をメール
印刷
エクスポート
エクスポート先: RefWorks
エクスポート先: EndNoteWeb
エクスポート先: EndNote
エクスポート先: MARC
エクスポート先: MARCXML
エクスポート先: RDF
エクスポート先: BibTeX
エクスポート先: RIS
お気に入りに追加
Statistics on Japanese spinning industry
保存先:
書誌詳細
フォーマット:
図書
言語:
Undetermined
出版事項:
Japan
1977
主題:
Industry
Japan
タグ:
タグ追加
タグなし, このレコードへの初めてのタグを付けませんか!
Thư viện lưu trữ:
Trung tâm Học liệu Trường Đại học Cần Thơ
所蔵
その他の書誌記述
コメント
類似資料
MARC表示
LEADER
00398nam a2200157Ia 4500
001
CTU_96352
008
210402s9999 xx 000 0 und d
082
|a
338
082
|b
S797
245
0
|a
Statistics on Japanese spinning industry
260
|a
Japan
260
|c
1977
650
|a
Industry
650
|z
Japan
904
|i
Tuyến
980
|a
Trung tâm Học liệu Trường Đại học Cần Thơ
類似資料
Statistics on Japanese industries :
出版事項: (1988)
Statistics on Japanese industries
出版事項: (1987)
Statistics on Japanese industries
出版事項: (1972)
Statistics on Japanese industries
出版事項: (1977)
Statistics on Japanese industries
出版事項: (1982)
ロード中...